000
00327nam a22001457a 4500
008
210527b ||||| |||| 00| 0 eng d
020
_a
0891813101
041
_a
eng
080
_a
574
082
_a
574
100
_a
9
101
_a
MJE
245
_a
Carbonate Depositional Environments
_c
Peter A. Scholle
942
_2
udc
_c
BK
999
_c
57688
_d
57688